000
00262nam a2200109Ia 4500
008
200302s9999 xx 000 0 und d
100
_a
Silvio cassara
245
_a
Richard Meier Recent Works
260
_b
Universe Publishing
260
_c
2004
300
_a
175 P.,
999
_c
4303
_d
4303